Datum a čas kvízu
24.5
Celkem bodů
Celkový počet nahraných bodů na tomto kvízu bez doplňovacích otázek.
14.
Pořadí na kvízu
Konečné umístění týmu na tomto kvízu.
Zaznamenané odpovědi
| # | Otázka | Odpověď | Body | Výsledky |
|---|---|---|---|---|
| 1. | Minulý týden tisk informoval o... | velomobil | 0 | |
| 2. | Že USA společně s Izraelem zaú... | C | 1 | |
| 3. | Minulý týden jsme se dozvěděli... | Yungblud | 0 | |
| 4. | V pátek byla oznámena fúze dvo... | Paramount (Skydance), Warner Bros. (Discovery) | 0.5 | |
| 5. | Jak se jmenuje fotbalista, kte... | Vladimír Darida | 1 | |
| 6. | Zatímco v českých atlasech ten... | Iberové | 0 | |
| 7. | Vyberte správné tvrzení týkají... | B | 1 | |
| 8. | Níže vidíte na mapě jisté auto... | Andalusie, Sevilla | 0 | |
| 9. | Jak se jmenuje portugalský mys... | C | 1 | |
| 10. | Hledáme název ikonické stavby... | Belémská věž | 0 |